000 00819cam a2200229 a 4500
999 _c4234
_d4234
020 _a0721611060
082 0 0 _a616.028
_220
_bPRO
100 _aMillar, Sally
245 0 0 _aAACN procedure manual for critical care /
250 _a2nd ed.
260 _aPhiladelphia :
_bW.B. Saunders,
_cc1985.
300 _axxii, 627 p. :
_bill. ;
_c28 cm.
500 _a"AACN critical care."
500 _a"American Association of Critical-Care Nurses."
504 _aIncludes bibliographical references and index.
650 0 _aNursing
_vIntensive care nursing
700 1 _aBoggs, Rochelle Logston.
700 2 _aWooldridge-King, Maribeth.
906 _a7
_bcbc
_corignew
_d1
_eocip
_f19
_gy-gencatlg
942 _2ddc
_cBK